Normal view
MARC view
- Golnaraghi, M. F
Entry Personal Name
001 - CONTROL NUMBER
- control field: 84565
003 - CONTROL NUMBER IDENTIFIER
- control field: NUST
005 - DATE AND TIME OF LATEST TRANSACTION
- control field: 20211119112214.0
008 - FIXED-LENGTH DATA ELEMENTS
- fixed length control field: 211119|| aca||aabn | a|a d
040 ## - CATALOGING SOURCE
- Original cataloging agency: NUST
- Transcribing agency: NUST
100 ## - HEADING--PERSONAL NAME
- Personal name: Golnaraghi, M. F
670 ## - SOURCE DATA FOUND
- Source citation: Work cat.: (NUST)31543: Kuo, Benjamin C., 1930- 35776, Automatic Control Systems /, c2003.
